| 000 | 01507 a2200289 4500 | ||
|---|---|---|---|
| 003 | Nust | ||
| 005 | 20230927145751.0 | ||
| 010 | _a 2005280743 | ||
| 020 | _a0750677465 (pbk.) | ||
| 035 | _a(OCoLC)ocm61190656 | ||
| 040 | _cNust | ||
| 082 | 0 | 0 | _a005.8,CHA |
| 100 | 1 |
_aChandra, Praphul. _995056 |
|
| 245 | 1 | 0 |
_aBulletproof Wireless Security: GSM, UMTS, 802.11 and Ad Hoc Security / _cPraphul Chandra. |
| 260 |
_aAmsterdam ; _aBoston : _bNewnes, _c2005. |
||
| 300 |
_axxxiii, 237 p. : _bill. ; _c24 cm. |
||
| 440 | 0 |
_aCommunications engineering series _995057 |
|
| 505 | _aSecurity and cryptography (Page-1), Network security protocol (Page-29), Security and layered architecture (Page67), Voice-oriented wireless networks (Page-85), Data-oriented wireless networks (Page-109), Security in traditional wireless networks (Page-129), Security in wireless local area networks (Page-159), Security in wireless Adhoc networks (Page-199). | ||
| 650 | 0 |
_aGlobal system for mobile communications _xSecurity measures. _995058 |
|
| 650 | 0 |
_aIEEE 802.11 (Standard) _995059 |
|
| 650 | 0 |
_aUniversal Mobile Telecommunications System _xSecurity measures. _995060 |
|
| 650 | 0 |
_aWireless communication systems _xSecurity measures. _995061 |
|
| 650 | 0 |
_aWireless LANs _xSecurity measures. _995062 |
|
| 856 | 4 | 2 |
_3Publisher description _uhttp://www.loc.gov/catdir/enhancements/fy0626/2005280743-d.html |
| 856 | 4 | 2 |
_3Table of contents only _uhttp://www.loc.gov/catdir/enhancements/fy0626/2005280743-t.html |
| 942 |
_2ddc _cBK |
||
| 999 |
_c215419 _d215419 |
||